00671 2200253 4500001002100000005001700021008004100038020001800079035002400097082001300121090002000134100001700154245006100171250001100232260003000243300002500273500002700298650003000325850001500355980001100370985000600381999001500387999001500402YOGYA-0209000000494020090227020749.0 ind  a979-552-076-8 0010-020900000004940 a001.6424 a001.6424bRud M aRUDY, Petrus aMembuat aplikasi dengan pascalcdisusun oleh Petrus Rudy aCet. 1 aJakartabDinastindoc1993 a138 hlmbilusc20 cm aBibliografi : hlm. 134 aPascal (Program komputer) aYOPDYOG(B) a190505 a2 a95P0070335 a95P0070337